<?xml version="1.0" encoding="UTF-8"?>
<record
    xmlns:xsi="http://www.w3.org/2001/XMLSchema-instance"
    xsi:schemaLocation="http://www.loc.gov/MARC21/slim http://www.loc.gov/standards/marcxml/schema/MARC21slim.xsd"
    xmlns="http://www.loc.gov/MARC21/slim">

  <leader>00381nam a22001451  4500</leader>
  <controlfield tag="001">c  98000061 </controlfield>
  <controlfield tag="003">DLC</controlfield>
  <controlfield tag="005">20260227111037.0</controlfield>
  <controlfield tag="008">810206s1898    mnua          00000 eng  </controlfield>
  <datafield tag="010" ind1=" " ind2=" ">
    <subfield code="a">c  98000061 </subfield>
  </datafield>
  <datafield tag="100" ind1="1" ind2="0">
    <subfield code="a">Kessdal, Olav.</subfield>
  </datafield>
  <datafield tag="245" ind1="0" ind2="0">
    <subfield code="a">Barnebogen.</subfield>
  </datafield>
  <datafield tag="260" ind1="0" ind2=" ">
    <subfield code="a">Minneapolis, Minn.,</subfield>
    <subfield code="b">The Free church bk. concern,</subfield>
    <subfield code="c">1898.</subfield>
  </datafield>
  <datafield tag="300" ind1=" " ind2=" ">
    <subfield code="a">vi, 72 p.</subfield>
    <subfield code="b">illus.</subfield>
    <subfield code="c">12&#x2070;.</subfield>
  </datafield>
  <datafield tag="999" ind1=" " ind2=" ">
    <subfield code="c">13037</subfield>
    <subfield code="d">13037</subfield>
  </datafield>
</record>
